| 000 | 00000nam 2200000za 4500 |
| 001 | 9.844500 |
| 003 | CaOODSP |
| 005 | 20221107152747 |
| 007 | cr ||||||||||| |
| 008 | 180223s1995 onc o f000 0 fre d |
| 020 | |a978-0-660-17736-6 |
| 040 | |aCaOODSP|bfre |
| 043 | |an-cn--- |
| 086 | 1 |aBT39-25/1995F-PDF |
| 110 | 1 |aCanada. |bConseil du trésor. |
| 245 | 10|aNorme de sécurité relative à l'organisation et l'administration |h[ressource électronique]. |
| 260 | |aOttawa : |bSecrétariat du Conseil du Trésor du Canada, |cc1995. |
| 300 | |a[22] p. (pages non numérotées) |
| 500 | |aPublié aussi en anglais sous le titre : Security organization and administration standard. |
| 500 | |a« Publié : le 01 juin 1995. » |
| 500 | |aÉgalement disponible en format HTML. |
| 504 | |aComprend des références bibliographiques. |
| 520 | 0 |a« Assure la mise en Ĺ“uvre de l’exigence de considérer la sécurité dans le cadre du processus de passation des marchés »--Fourni par l'éditeur. |
| 692 | 07|2gccst|aPolitique gouvernementale |
| 692 | 07|2gccst|aSécurité |
| 775 | 08|tSecurity organization and administration standard |w(CaOODSP)9.844498 |
| 856 | 40|qPDF|s225 Ko|uhttps://publications.gc.ca/collections/collection_2018/sct-tbs/BT39-25-1995-fra.pdf |
| 856 | 4 |qHTML|sS.O.|uhttps://www.tbs-sct.gc.ca/pol/doc-fra.aspx?id=12333 |